Konštrukčný návrh pedálu vozidla z kompozitného materiálu

Gespeichert in:
Bibliographische Detailangaben
1. Verfasser: Lipiansky, Mário (Verfasst von)
Weitere Verfasser: Gulanová, Jana (Betreuung Doktorarbeit)
Format: Manuskript Buch
Sprache:Slowakisch
Veröffentlicht: 2019
Schlagworte:
Online-Zugang:http://is.stuba.sk/zp/portal_zp.pl?podrobnosti=136933
Tags: Tag hinzufügen
Keine Tags, Fügen Sie das erste Tag hinzu!

MARC

LEADER 00000ntm a22000003a 4500
001 stuzp74094
003 SK-STU
005 20190608212825.3
007 ta
008 150427s2015----xo-----f-mn---000-0-slo-d
040 |a STU  |b slo 
041 0 |a slo 
100 1 |a Lipiansky, Mário  |u 020030  |4 aut  |U SjF Strojnícka fakulta  |T SjF Ústav dopravnej techniky a konštruovania  |X 87504  |U J0030  |Y 806  |7 87504 
242 0 1 |a Detailed design of a vehicle pedal made of composite material  |y eng 
245 1 0 |a Konštrukčný návrh pedálu vozidla z kompozitného materiálu 
260 |c 2019 
650 4 |a kompozitný materiál  |2 slo 
650 4 |a pedál  |2 slo 
650 4 |a kompozit  |2 slo 
650 4 |a konštrukčný návrh  |2 slo 
650 4 |a composite material  |2 eng 
650 4 |a pedal  |2 eng 
650 4 |a composite  |2 eng 
650 4 |a structural design  |2 eng 
700 1 |a Gulanová, Jana  |u 020030  |k Z1  |4 ths  |U SjF Strojnícka fakulta  |T SjF Ústav dopravnej techniky a konštruovania  |X 48878  |U J0030  |Y 806  |7 A000048878 
856 4 |u http://is.stuba.sk/zp/portal_zp.pl?podrobnosti=136933 
996 |b 284J045935  |c J* 3045/DBP  |l JJSK  |s A  |a 24  |w stuzp74094_0001